Statistics for Chadian History Quiz

Click here to take the quiz!

General Stats

  • This quiz has been taken 2 times
  • The average score is 6 of 10

Answer Stats

HintAnswer% Correct
When did the Wadai War end?1912
100%
When did Idriss Déby die?2021
100%
When did the military territory of Chad get established?1900
50%
When was Neukamerun ceded to Germany?1911
50%
When was the battle of Kousseri fought?22 April 1900
50%
What was Muhammad Salih bin Yusuf's nickname?Dud Murra
50%
Who was the Governor of Chad in WW2?Félix Éboué
50%
Who was the leader of Bornu from 1893 to 1900?Rabih az-Zubayr
50%
What vehicles did Chad use in their war with Libya in the 80s?Toyota Land Cruiser
50%
When was Abeche captured by the French?June 1909
0%

Score Distribution

Percentile by Number Answered

Percent of People with Each Score

Your Score History

You have not taken this quiz